Gaming Quiz

Random Gaming or Video Games Quiz

Videogame Subtitles Quiz Stats

 Plays Quiz Updated Sep 25, 2017

Challenge
Share
Tweet
Embed
Score 0/38 Timer 09:00
1 Play Today
Subtitle VG Series % Correct
Modern WarfareCall of Duty
85.4%
Ocarina of TimeLegend of Zelda
82.4%
Double Dash!!Mario Kart
63%
Code: VeronicaResident Evil
50.5%
Hot Pursuit Need For Speed
49.6%
Sons of LibertyMetal Gear Solid
49.5%
Up Your ArsenalRatchet & Clank
48.7%
Cortex Strikes BackCrash Bandicoot
47.9%
vs. DC UniverseMortal Kombat
44.3%
Chain of MemoriesKingdom Hearts
38.6%
Shadows of the EmpireStar Wars
35.1%
XD: Gale of DarknessPokémon
33.3%
Zero MissionMetroid
30.4%
The Age of KingsAge of Empires
30.2%
Adventure 2: BattleSonic the Hedgehog
29.8%
Smooth MovesWarioWare
29.5%
Warrior WithinPrince of Persia
28.4%
Year of the DragonSpyro
28.1%
Superstar SagaMario & Luigi
24.6%
Subtitle VG Series % Correct
The RoomSilent Hill
23.9%
Friends of Mineral TownHarvest Moon
23.8%
In the Land of the Lounge LizardsLeisure Suit Larry
21%
Radiant DawnFire Emblem
19.8%
Squeak SquadKirby
19.7%
LeChuck's RevengeMonkey Island
19.1%
Circle of the MoonCastlevania
16.1%
Till the End of TimeStar Ocean
14.8%
Invisible WarDeus Ex
13.4%
In BattlemaniacsBattletoads
12.9%
Land of the BabesDuke Nukem
12.3%
The Lost AgeGolden Sun
11.8%
Der Wille zur MachtXenosaga
11.5%
Tides of DarknessWarcraft
10.6%
Journey of the Cursed KingDragon Quest
9.2%
Crimson ButterflyFatal Frame
8.1%
The Hyperstone Heist Teenage Mutant Ninja Turtles
5.9%
Heir Today, Gone TomorrowKing's Quest
5.8%
The Dark Sword of ChaosNinja Gaiden
3.2%

You're not logged in!

Compare scores with friends on all Sporcle quizzes.
OR
Log In

You Might Also Like...

Show Comments

Extras

Top Quizzes Today


Score Distribution

Your Account Isn't Verified!

In order to create a playlist on Sporcle, you need to verify the email address you used during registration. Go to your Sporcle Settings to finish the process.

Report this User

Report this user for behavior that violates our Community Guidelines.

Details: